Escritos del doctor Francisco Javier Eugenio Santa Cruz y Espejo / (Record no. 138565)

MARC details
000 -LEADER
campo de control de longitud fija 00672nam a2200169 4500
001 - NÚMERO DE CONTROL
campo de control 138565
003 - IDENTIFICADOR DE NÚMERO DE CONTROL
campo de control ES-MaACL
007 - CAMPO FIJO DE DESCRIPCIÓN FÍSICA--INFORMACIÓN GENERAL
campo de control de longitud fija t|
008 - DATOS DE LONGITUD FIJA--INFORMACIÓN GENERAL
campo de control de longitud fija 070214m19121923ec r ||||1| spa d
100 1# - ENTRADA PRINCIPAL--NOMBRE DE PERSONA
Nombre de persona Santa Cruz y Espejo, Francisco Javier Eugenio.
9 (RLIN) 103240
245 10 - MENCIÓN DEL TÍTULO
Título Escritos del doctor Francisco Javier Eugenio Santa Cruz y Espejo /
Mención de responsabilidad, etc. editado por Jacinto Jijón y Caamaño y Homero Viteri Lafronte ; introducción de Homero Viteri Lafronte.
Número de parte o sección de la obra , . Tomo III.
260 ## - PUBLICACIÓN, DISTRIBUCIÓN, ETC.
Lugar de publicación, distribución, etc. Quito :
Nombre del editor, distribuidor, etc. Ed. Artes Gráficas,
Fecha de publicación, distribución, etc. 1912-23.
300 ## - DESCRIPCIÓN FÍSICA
Extensión LVI, 322 p. ;
Dimensiones 26 cm.
700 1# - ENTRADA AGREGADA--NOMBRE PERSONAL
Nombre de persona Lijón y Caamaño, Jacinto.
9 (RLIN) 72280
700 1# - ENTRADA AGREGADA--NOMBRE PERSONAL
Nombre de persona Viteri Lafrante, Homero.
9 (RLIN) 115511
852 ## - LOCALIZACIÓN
Ubicación ES-MaACL
Número de control de estantería C-7118
Holdings
Estatus retirado Estado de pérdida Estado de daño No para préstamo Biblioteca de origen Biblioteca actual Ubicación en estantería Fecha de adquisición Fuente de adquisición Total de préstamos Signatura topográfica completa Código de barras Visto por última vez Precio de reemplazo Tipo de ítem Koha
        Biblioteca del Ateneo de Madrid Biblioteca del Ateneo de Madrid Sala Palomar 17/01/2008     C-7118 1144185 23/02/2023 23/02/2023 Libro impreso